Farm size, returns to scale and disguised unemployment in the low - hill zone subsistence agarian economy of Himachal Pradesh (Record no. 24489)

000 -LEADER
fixed length control field 00543pab a2200169 454500
008 - FIXED-LENGTH DATA ELEMENTS--GENERAL INFORMATION
fixed length control field 180718b xxu||||| |||| 00| 0 eng d
100 ## - MAIN ENTRY--PERSONAL NAME
Personal name Thakur, Bimla
245 ## - TITLE STATEMENT
Title Farm size, returns to scale and disguised unemployment in the low - hill zone subsistence agarian economy of Himachal Pradesh
650 ## - SUBJECT ADDED ENTRY--TOPICAL TERM
Topical term or geographic name entry element Farm Size
650 ## - SUBJECT ADDED ENTRY--TOPICAL TERM
Topical term or geographic name entry element Employment
650 ## - SUBJECT ADDED ENTRY--TOPICAL TERM
Topical term or geographic name entry element Disguised Unemployment
650 ## - SUBJECT ADDED ENTRY--TOPICAL TERM
Topical term or geographic name entry element Agriculture
650 ## - SUBJECT ADDED ENTRY--TOPICAL TERM
Topical term or geographic name entry element Unemployment - India - Himachal Pradesh
700 ## - ADDED ENTRY--PERSONAL NAME
Personal name Thakur, Dalip S.
773 ## - HOST ITEM ENTRY
Main entry heading Manpower Journal
909 ## -
-- 24489
Holdings
Withdrawn status Lost status Damaged status Not for loan Permanent Location Current Location Date acquired Serial Enumeration / chronology Barcode Date last seen Price effective from Koha item type
        Indian Institute of Public Administration Indian Institute of Public Administration 2018-07-19 Issue no: 28(4) Jan.-Mar.93, p.9-18 AR24558 2018-07-19 2018-07-19 Articles

Powered by Koha